01159nam a2200193Ia 4500001001100000003001000011008004100021040002500062041001300087100003300100245006000133250001100193260008800204300001100292500026400303501011400567520026400681650002000945L253-27957IT-CnALBA170116s9999||||xx |||||||||||||| ||und|| aIT-CnALBAcIT-CnALBA aITALIANO aMATTARELLA SERGIO, ONOREVOLE 0aALDO MORO: IL CRISTIANO, L'INTELLETTUALE, IL POLITICO.  a1a ed. aROMAbAVE, ANONIMA VERITA'S EDITRICEc1987 [1° Ed.:1987 - Ed.Ling.Originale: 1987] a99 p.  aA CURA DELL'ASSOCIAZIONE CULTURALE ALDO MORO. IL SUO PENSIERO RELIGIOSO. COMUNICAZIONE COME MEDIAZIONE. ATTUALITÀ DEL SUO PENSIERO E DELLA SUA AZIONE CONTRIBUTO AL MOVIMENTO CATTOLICO ITALIANO: CULTURA E SPIRITUALITÀ. COAUTORI: LEOPOLDO ELIA. A. ARDIGO'.  aSocietà San Paolo EM - Piazza San Paolo, 14 - 12051 ALBA (CN) (non commercial uses only) ® Copyright 2017 aA CURA DELL'ASSOCIAZIONE CULTURALE ALDO MORO. IL SUO PENSIERO RELIGIOSO. COMUNICAZIONE COME MEDIAZIONE. ATTUALITÀ DEL SUO PENSIERO E DELLA SUA AZIONE CONTRIBUTO AL MOVIMENTO CATTOLICO ITALIANO: CULTURA E SPIRITUALITÀ. COAUTORI: LEOPOLDO ELIA. A. ARDIGO'.  aMODELLI DI VITA